Представление документа в формате RUSMARC

ПолеНазваниеЗначение
  Тип записи c
  Библиографический уровень m
001 Контрольный номер RU/УОНБ/EK_N/612197098
005 Дата корректировки 20260313110330.4
010 Индекс ISBN __
9 Тираж 1760 экз.
013 Номер (ISMN) __
d Цена 30 к.
071 Издательские номер (звукозапись и ноты) 21
a Номер, присвоенный агентством 7690
100 Данные общей обработки __
a Данные общей обработки 20190526d1986 u y0rusy0189 ca
101 Язык документа 0_
a Язык текста rus
f Язык титульного листа rus
102 Страна публикации __
a Страна публикации RU
125 Кодированные данные звукозаписи и нотных изданий __
a Форма изложения нотного текста е|
128 Кодированные данные (звукозаписи-физические характеристики) __
a Кодированные данные: Музыкальная форма и тональность или лад zz
b Инструменты или голоса, необходимые для ансамблей (устаревшее) oz||
c Инструменты или голоса, рекомендуемые для солистов (устаревшее) vu||
200 Заглавие и сведения об ответственности 1_
a Заглавие Вып. 1
f Первые сведения об ответственности составитель Б. А. Селиванов
203 Вид содержания и тип средства __
a Вид содержания Музыка
b Характеристика содержания знаковая
c Тип средства непосредственная
210 Выходные данные 1_
d Дата издания 1986
215 Физическое описание __
a Объем 48 с.
327 Примечание о содержании 11
a Примечание о содержании Содерж.: Карминский М. Красные маки / сл. Г. Поженяна. Колмановский Э. Коммунары не будут рабами / сл. Е. Евтушенко. Лядова Л. Танцуй, Домника / сл. М. Владимова. Юдахина О. Через Красную площадь - к победе / сл. М. Андронова. Хорощанский В. Дом родной / сл. Г. Георгиева. Гладков Г. Утро города : из кф. "Берегите мужчин". Газарян В. Мой Ереван / сл. Ю. Полухина. Мигуля В. Тебе, Москва, спасибо! / сл. М. Пляцковского. Гамалея В. Наша мечта / сл. Б. Дубровина. Мага С. Сюрприз
461 Уровень набора _0
1 2001
a Моя страна
e [для эстрадного ансамбля с пением]
v Вып. 1
1 2101
a Москва
c Советский композитор
d 1986 -
1 001RU/УОНБ/EK_N/612196111
464 Аналитический уровень _0
1 036
t На Федюнинских холмах тишина...
1 700 1
a Карминский
b М.
1 700 1
a Поженян
b Г.
4 520
1 2001
a Красные маки
464 Аналитический уровень _0
1 036
t Просыпавшийся мир свиристел, шелестел...
1 700 1
a Колмановский
b Э.
1 702 1
a Евтушенко
b Е.
4 520
1 2001
a Коммунары не будут рабами
464 Аналитический уровень _0
1 036
t Плясала жок Домника - царица клубной сцены...
1 700 1
a Лядова
b Л.
1 702 1
a Владимов
b М.
4 520
1 2001
a Танцуй, Домника
464 Аналитический уровень _0
1 036
t В наш ноябрьский праздник в столице...
1 700 1
a Юдахина
b О.
1 702 1
a Андронов
b М.
4 520
1 2001
a Через Красную площадь - к победе
464 Аналитический уровень _0
1 036
t Вот и осень пришла...
1 700 1
a Хорощанский
b В.
1 702 1
a Георгиев
b Г.
4 520
1 2001
a Дом родной
464 Аналитический уровень _0
1 700 1
a Гладков
b Г.
1 2001
a Утро города
e из кинофильма "Берегите мужчин"
1 50010
a Берегите мужчин
464 Аналитический уровень _0
1 036
t Детство свое я начинал...
1 700 1
a Газарян
b В.
1 702 1
a Полухин
b Ю.
4 520
1 2001
a Мой Ереван
464 Аналитический уровень _0
1 036
t Поднялась ты, Москва, в перезвоне листвы...
1 700 1
a Мигуля
b В.
1 702 1
a Пляцковский
b М.
4 520
1 2001
a Тебе, Москва, спасибо!
464 Аналитический уровень _0
1 036
t Наша мечта - строить и жить...
1 700 1
a Гамалея
b В.
1 702 1
a Дубровин
b Б.
4 520
1 2001
a Наша мечта
464 Аналитический уровень _0
1 2001
a Сюрприз
1 700 1
a Мага
b С.
606 Тематические рубрики 0_
a Основная рубрика Вокально-инструментальные ансамбли
x Основная подрубрика Песни
x Основная подрубрика Пьесы
610 Ключевые слова 0_
a Ключевые слова вокально-инструментальные ансамбли
610 Ключевые слова 0_
a Ключевые слова песни
610 Ключевые слова 0_
a Ключевые слова пьесы
686 Индексы других классификаций __
a Классификационный индекс 85.942.8(2)Пя43
2 Код системы rubbk
702 Вторичная интеллектуальная ответственность _1
a Фамилия Селиванов
b Имя (инициалы) Б. А.
g Полное личное имя Борис Александрович
4 Код отношения 220
801 Источник записи _0
a Страна RU
b Организация Ульяновская ОНБ
c Дата составления 20190526
g Правила каталогизации RCR
801 Источник записи _1
a Страна RU
b Организация Ульяновская ОНБ
c Дата составления 20190526
g Правила каталогизации RCR
901 Тип документа __
t Тип документа n
w Контрольный № источника RU/УОНБ/EK_N/612196111
909 Создатель записи __
a Создатель записи Никитина Т. А.
910 Корректоры записи __
a Корректор записи Никитина Т. А.
b Дата внесения изменения в запись 20260313
938 Служебная информация __
a Имя БД noti
b Имя библиотеки УОНБ
c Имя АИБС МАРК-SQL
d Номер DOC_ID в БД 20588